000 01294cam a22003497a 4500
003 CHAP
005 20220329141957.0
008 981103d1998 mx a r 00110 spa d
010 _a76565
011 _a77537
035 _a87146
040 _cCHAP
090 _aTesis
100 0 0 _aVásquez Vásquez, Josué.
_9120279
245 1 3 _aEl estado de Oaxaca y el mercado nacional e internacional de la madera
_c/por Josué Vázquez Vázquez
260 _aChapingo, Méx. :
_bEl autor,
_c1998.
300 _a103 h. :
_bilus. ; gráfs. ; cuadros
502 _aTesis (Lic. en Comercio Internacional de Productos Agropecuarios) -- UACH. División de Ciencias Económico- Administrativas
590 _aALEPH
_b10
_c20130110
_lUCH01
_h1425
590 _aBATCH-UPD
_b10
_c20130110
_lUCH01
_h0326
590 _aBATCH-UPD
_b10
_c20130110
_lUCH01
_h2002
590 _aBATCH-UPD
_b10
_c20130409
_lUCH01
_h2359
590 _aBATCH-UPD
_b10
_c20130914
_lUCH01
_h1740
590 _aCONVERSION
_b10
_c20130109
_lUCH01
_h1342
650 1 4 _aMadera aserrada
_xMercadeo.
_969639
650 1 4 _aProductos forestales
_xOaxaca.
_992099
901 _aBK
905 _aAraceli Hernández G.
942 _cFOLL
949 _bBC
_cTES
_d33724000590519
_eTS2
_fc.2
_h33113
_i87146
_si
949 _bBC
_cTES
_d871461
_eTS1
_h33112
_i87146
_sb
999 _c76565
_d76565